[Event "SRB-chT2 East"]
[Site "Vrnjacka Banja"]
[Date "2015.08.29"]
[Round "3.6"]
[White "Mihajlovic, Milena"]
[Black "Kuzmanovic, Aleksa"]
[Result "0-1"]
[WhiteElo "2136"]
[BlackElo "2059"]
[PlyCount "108"]
[EventDate "2015.08.28"]
[EventType "team-tourn"]
[EventRounds "11"]
[EventCountry "SRB"]
[SourceTitle "EXT 2022"]
[Source "ChessBase"]
[SourceDate "2021.10.06"]
[SourceVersion "1"]
[SourceVersionDate "2021.10.06"]
[SourceQuality "1"]

1. Nf3 Nf6 2. g3 g6 3. Bg2 Bg7 4. 0-0 0-0 5. d4 d5 6. c3 c6 7. Nbd2 Re8 8. Re1 Nbd7 9. h3 e5 10. dxe5 Nxe5 11. Nxe5 Rxe5 12. Nf3 Re8 13. Be3 Bf5 14. a4 Be4 15. Bd4 b6 16. b4 Qc7 17. Rc1 c5 18. Be3 Qc6 19. Qb3 Rab8 20. Qa3 Nd7 21. Nh4 Bxg2 22. Nxg2 Re4 23. Red1 Bf8 24. b5 Qb7 25. Nf4 Nf6 26. Qa2 Rd8 27. a5 Qd7 28. axb6 axb6 29. Qa6 g5 30. Nxd5 Nxd5 31. c4 Qxh3 32. Rxd5 Rxd5 33. cxd5 Rxe3 34. fxe3 Qxg3+ 35. Kf1 Qh3+ 36. Kf2 Qf5+ 37. Ke1 g4 38. Qa4 Bd6 39. Qa8+ Kg7 40. Qd8 Qxd5 41. Qh4 h5 42. Rd1 Qe5 43. Kf1 Qf5+ 44. Kg1 Qe5 45. Kf2 c4 46. e4 Bc5+ 47. e3 Qf4+ 48. Kg2 Qf3+ 49. Kh2 Bxe3 50. Re1 Bf4+ 51. Kg1 g3 52. Re2 Qxe2 53. Qxf4 Qh2+ 54. Kf1 g2+ 0-1

[Event "SRB-chT2 East"]
[Site "Serbia"]
[Date "2007.09.16"]
[Round "2.5"]
[White "Mihajlovic, Milena"]
[Black "Petrovic, Dragoslav"]
[Result "0-1"]
[WhiteElo "2167"]
[BlackElo "2034"]
[PlyCount "71"]
[EventDate "2007.09.09"]
[EventType "team"]
[EventRounds "11"]
[EventCountry "SRB"]
[SourceTitle "EXT 2012"]
[Source "ChessBase"]
[SourceDate "2011.11.24"]
[SourceVersion "1"]
[SourceVersionDate "2011.11.24"]
[SourceQuality "1"]
[WhiteTeam "Kostolac Rudar"]
[BlackTeam "Jagodina Kablovi"]
[WhiteTeamCountry "SRB"]
[BlackTeamCountry "SRB"]

1. d4 d5 2. c4 c6 3. Nc3 Nf6 4. Nf3 e6 5. Bg5 Be7 6. e3 Nbd7 7. cxd5 exd5 8. Bd3 Ne4 9. Bxe7 Qxe7 10. 0-0 0-0 11. Qc2 f5 12. Rab1 g5 13. Rfe1 g4 14. Nd2 Qh4 15. Nf1 Ndf6 16. b4 a6 17. a4 Bd7 18. Rec1 Rf7 19. Qe2 Re8 20. b5 axb5 21. axb5 Nxc3 22. Rxc3 f4 23. bxc6 Bxc6 24. Qa2 f3 25. Ng3 Qg5 26. Ra3 h5 27. Nf5 Rff8 28. Rb2 fxg2 29. Kxg2 Ne4 30. Ng3 Nxg3 31. hxg3 Qf6 32. Bf1 Kg7 33. Kg1 h4 34. Bg2 hxg3 35. fxg3 Qd6 36. Ra7 0-1

[Event "SRB-chT2 East"]
[Site "Serbia"]
[Date "2006.10.14"]
[Round "6.5"]
[White "Mihajlovic, Milena"]
[Black "Kulak, Dejan"]
[Result "0-1"]
[WhiteElo "2190"]
[BlackElo "2275"]
[PlyCount "66"]
[EventDate "2006.09.09"]
[EventType "team"]
[EventRounds "11"]
[EventCountry "SRB"]
[SourceTitle "EXT 2012"]
[Source "ChessBase"]
[SourceDate "2011.11.24"]
[SourceVersion "1"]
[SourceVersionDate "2011.11.24"]
[SourceQuality "1"]

1. d4 Nf6 2. c4 e6 3. Nf3 b6 4. g3 Bb4+ 5. Nbd2 Bb7 6. Bg2 0-0 7. 0-0 c5 8. d5 exd5 9. Nh4 Bxd2 10. Qxd2 Ne4 11. Qf4 Qf6 12. cxd5 Bxd5 13. Bxe4 Qxf4 14. Bxh7+ Kxh7 15. Bxf4 Re8 16. Rfe1 Nc6 17. Red1 Nd4 18. e3 Ne2+ 19. Kf1 Nxf4 20. gxf4 Bc6 21. Rd6 g6 22. Rad1 Kg7 23. Ke2 Bb5+ 24. Kf3 Rh8 25. Kg3 Rh5 26. R1d5 Rh6 27. f5 Rah8 28. f6+ Kf8 29. Nf3 Rh3+ 30. Kf4 Be2 31. Ng5 R8h4+ 32. Ke5 Rh5 33. Rxd7 Rxg5+ 0-1

[Event "SRB-chT2 East"]
[Site "Serbia"]
[Date "2006.10.07"]
[Round "5.5"]
[White "Milosevic, Aleksandar"]
[Black "Mihajlovic, Milena"]
[Result "1-0"]
[WhiteElo "2255"]
[BlackElo "2190"]
[PlyCount "83"]
[EventDate "2006.09.09"]
[EventType "team"]
[EventRounds "11"]
[EventCountry "SRB"]
[SourceTitle "EXT 2012"]
[Source "ChessBase"]
[SourceDate "2011.11.24"]
[SourceVersion "1"]
[SourceVersionDate "2011.11.24"]
[SourceQuality "1"]

1. Nf3 d5 2. b3 Nf6 3. Bb2 Bg4 4. e3 e6 5. h3 Bxf3 6. Qxf3 Nbd7 7. g4 h6 8. Bg2 Bd6 9. Qe2 c6 10. d3 Qe7 11. a3 0-0-0 12. Nd2 Kb8 13. c4 e5 14. b4 Bc7 15. Rb1 Rhe8 16. Ba1 dxc4 17. Nxc4 Nb6 18. Nxb6 Bxb6 19. 0-0 Nd5 20. Rb3 h5 21. Rfb1 hxg4 22. Qxg4 g6 23. a4 a6 24. Qc4 Qd6 25. d4 e4 26. Bb2 Qe6 27. Qe2 Nf4 28. Qc2 Nxh3+ 29. Kf1 Rd5 30. Ke1 Qg4 31. Bxh3 Qxh3 32. Qe2 Qh1+ 33. Qf1 Rh8 34. Kd2 Qf3 35. Qe2 Rf5 36. Rf1 Rh2 37. Qxf3 Rxf3 38. Ke2 g5 39. d5 Bc7 40. dxc6 bxc6 41. b5 axb5 42. Bc3 1-0

[Event "SCG-ch (Women)"]
[Site "Pancevo"]
[Date "2005.04.23"]
[Round "6"]
[White "Chelushkina, Irina"]
[Black "Mihajlovic, Milena"]
[Result "1/2-1/2"]
[WhiteElo "2369"]
[BlackElo "2180"]
[PlyCount "109"]
[EventDate "2005.04.18"]
[EventType "tourn"]
[EventRounds "9"]
[EventCountry "YUG"]
[SourceTitle "CBM 105 Extra"]
[Source "ChessBase"]
[SourceDate "2005.05.01"]
[SourceVersion "1"]
[SourceVersionDate "2005.05.01"]
[SourceQuality "1"]

1. c4 c6 2. Nf3 d5 3. e3 Nf6 4. b3 Bf5 5. Bb2 e6 6. Be2 Bd6 7. d3 h6 8. Nbd2 0-0 9. 0-0 Qe7 10. e4 dxe4 11. dxe4 Nxe4 12. Nxe4 Bxe4 13. Qd4 Qf6 14. Qxf6 gxf6 15. Bxf6 Nd7 16. Bh4 Ne5 17. Rad1 Bc7 18. Nxe5 Bxe5 19. Bd3 Bxd3 20. Rxd3 f6 21. Rfd1 Rf7 22. Kf1 c5 23. Rh3 Kh7 24. Bg3 Bxg3 25. Rxg3 Rg8 26. Rxg8 Kxg8 27. Rd6 Re7 28. Ke2 Kf7 29. Kf3 f5 30. Rd8 Kf6 31. Rh8 Kg7 32. Rc8 b6 33. Ke2 Rd7 34. f3 Kf6 35. g3 Kg6 36. a4 Rb7 37. Rg8+ Kf6 38. Ke3 Re7 39. Rh8 Kg5 40. h4+ Kg6 41. g4 Rd7 42. h5+ Kg7 43. Re8 fxg4 44. fxg4 Rd4 45. Rxe6 Rxg4 46. Re7+ Kf6 47. Rxa7 Rg3+ 48. Kf4 Rxb3 49. Rh7 Rb4 50. Rxh6+ Kg7 51. Kg5 Rxc4 52. Rxb6 Rxa4 53. Rb7+ Kg8 54. Rb8+ Kg7 55. Rb7+ 1/2-1/2

[Event "SCG-ch (Women)"]
[Site "Pancevo"]
[Date "2005.04.21"]
[Round "4"]
[White "Petrovic, Marija"]
[Black "Mihajlovic, Milena"]
[Result "1-0"]
[WhiteElo "2221"]
[BlackElo "2180"]
[PlyCount "117"]
[EventDate "2005.04.18"]
[EventType "tourn"]
[EventRounds "9"]
[EventCountry "YUG"]
[SourceTitle "CBM 105 Extra"]
[Source "ChessBase"]
[SourceDate "2005.05.01"]
[SourceVersion "1"]
[SourceVersionDate "2005.05.01"]
[SourceQuality "1"]

1. d4 d5 2. Nf3 Nf6 3. e3 c5 4. Bd3 Nc6 5. c3 Bg4 6. h3 Bh5 7. Nbd2 e6 8. Qa4 Nd7 9. 0-0 Be7 10. e4 cxd4 11. Nxd4 Nc5 12. Nxc6 Qd7 13. Qd4 Qxc6 14. exd5 exd5 15. Re1 Ne6 16. Qe5 Bg6 17. Bxg6 hxg6 18. Nf3 0-0 19. Qe2 Bc5 20. Ne5 Qd6 21. Nd3 Bb6 22. Qe5 Qxe5 23. Rxe5 d4 24. c4 Rac8 25. b3 Nc5 26. Nxc5 Rxc5 27. Rxc5 Bxc5 28. Bd2 Re8 29. Kf1 d3 30. Re1 Rxe1+ 31. Kxe1 Bd4 32. Be3 Bc3+ 33. Kd1 a6 34. Bd2 Bd4 35. Be1 Bc5 36. b4 Bd6 37. c5 Be7 38. Bc3 f6 39. Kd2 Kf7 40. Kxd3 Ke6 41. Kc4 Bd8 42. a4 Bc7 43. Bd2 Bb8 44. g3 g5 45. b5 axb5+ 46. axb5 Bc7 47. f4 f5 48. Be3 g4 49. hxg4 fxg4 50. Bd2 g6 51. b6 Bd8 52. Bc3 g5 53. fxg5 Bxg5 54. c6 Be7 55. Bb4 Bf6 56. c7 Kd7 57. Kd5 Bb2 58. Ke4 Bc1 59. Bc5 1-0

[Event "SCG-ch (Women)"]
[Site "Pancevo"]
[Date "2005.04.20"]
[Round "3"]
[White "Mihajlovic, Milena"]
[Black "Benderac, Ana"]
[Result "1/2-1/2"]
[WhiteElo "2180"]
[BlackElo "2287"]
[PlyCount "126"]
[EventDate "2005.04.18"]
[EventType "tourn"]
[EventRounds "9"]
[EventCountry "YUG"]
[SourceTitle "CBM 105 Extra"]
[Source "ChessBase"]
[SourceDate "2005.05.01"]
[SourceVersion "1"]
[SourceVersionDate "2005.05.01"]
[SourceQuality "1"]

1. d4 Nf6 2. c4 e6 3. Nf3 b6 4. g3 Bb7 5. Bg2 Be7 6. 0-0 d6 7. Nc3 Nbd7 8. d5 e5 9. e4 Nc5 10. Ne1 a5 11. Be3 0-0 12. f3 h6 13. Rb1 Nh7 14. b3 Bc8 15. a3 Bd7 16. b4 axb4 17. axb4 Na4 18. Qb3 Bg5 19. Nc2 Nxc3 20. Qxc3 Ra2 21. Rb2 Rxb2 22. Qxb2 Ba4 23. Bxg5 Qxg5 24. f4 exf4 25. gxf4 Qh4 26. Ne3 Bd7 27. Qa1 Nf6 28. c5 bxc5 29. bxc5 Ng4 30. Nxg4 Bxg4 31. cxd6 cxd6 32. e5 Bh3 33. Qe1 Qh5 34. Bxh3 Qxh3 35. exd6 Rd8 36. Qe5 Qd7 37. Rf3 Re8 38. Qd4 Qxd6 39. Rg3 f6 40. Rc3 Qa6 41. Qc4 Re1+ 42. Kf2 Qxc4 43. Rxc4 Rd1 44. Rc5 Kf7 45. Ke2 Rh1 46. Rc7+ Kg6 47. d6 Rxh2+ 48. Ke3 Rh1 49. Ke4 f5+ 50. Ke5 Re1+ 51. Kd5 Kf6 52. Rc8 g5 53. fxg5+ hxg5 54. Rf8+ Kg6 55. d7 Rd1+ 56. Ke6 Re1+ 57. Kd5 Rd1+ 58. Kc6 g4 59. d8Q Rxd8 60. Rxd8 Kg5 61. Kd5 Kf4 62. Rg8 g3 63. Ke6 Kf3 1/2-1/2

[Event "SCG-chT (Women)"]
[Site "Budva"]
[Date "2004.09.09"]
[Round "2.2"]
[White "Petrovic, Marija"]
[Black "Mihajlovic, Milena"]
[Result "1/2-1/2"]
[WhiteElo "2227"]
[BlackElo "2213"]
[PlyCount "106"]
[EventDate "2004.09.08"]
[EventType "team"]
[EventRounds "11"]
[EventCountry "YUG"]
[SourceTitle "CBM 102 Extra"]
[Source "ChessBase"]
[SourceDate "2004.11.03"]
[SourceVersion "1"]
[SourceVersionDate "2004.11.03"]
[SourceQuality "1"]
[WhiteTeam "03"]
[BlackTeam "05"]
[WhiteTeamCountry "YUG"]
[BlackTeamCountry "YUG"]

1. d4 d5 2. Nf3 Nf6 3. Bf4 c5 4. c3 Nc6 5. e3 Qb6 6. Qc1 Bf5 7. Nbd2 e6 8. Nh4 Bg4 9. h3 Bh5 10. g4 Bg6 11. Nxg6 hxg6 12. Bg2 Rc8 13. Nb3 cxd4 14. exd4 a5 15. Qb1 a4 16. Nd2 Na5 17. 0-0 Bd6 18. Bxd6 Qxd6 19. f4 a3 20. b4 Nc4 21. Qd3 Nxd2 22. Qxd2 Ne4 23. Qe1 Nxc3 24. f5 gxf5 25. gxf5 Ne4 26. fxe6 Qxe6 27. Rc1 0-0 28. Qh4 Rxc1 29. Rxc1 Qb6 30. Rd1 Qxb4 31. Bxe4 dxe4 32. Qxe4 Qb2 33. Qd5 Qc3 34. Qg2 Qe3+ 35. Kh1 Re8 36. d5 Qe2 37. Qxe2 Rxe2 38. Rd3 Kf8 39. Rxa3 Rb2 40. Rc3 Rxa2 41. Rc8+ Ke7 42. Rc7+ Kf6 43. Rxb7 Rd2 44. Rd7 Kg6 45. Kg1 f5 46. h4 Kf6 47. Rd6+ Ke7 48. Re6+ Kf7 49. Re5 Kg6 50. h5+ Kg5 51. Re7 Kh6 52. Re5 g6 53. hxg6 Kxg6 1/2-1/2

[Event "YUG-ch U20 Girls"]
[Site "Subotica"]
[Date "2004.08.24"]
[Round "13"]
[White "Mihajlovic, Milena"]
[Black "Bjeloglav, Milica"]
[Result "1-0"]
[WhiteElo "2213"]
[BlackElo "2014"]
[PlyCount "83"]
[EventDate "2004.08.12"]
[EventType "tourn"]
[EventRounds "13"]
[EventCountry "YUG"]
[SourceTitle "CBM 101 Extra"]
[Source "ChessBase"]
[SourceDate "2004.09.01"]
[SourceVersion "2"]
[SourceVersionDate "2004.09.01"]
[SourceQuality "1"]

1. g3 Nf6 2. Bg2 c5 3. Nf3 g6 4. 0-0 Bg7 5. c3 0-0 6. d4 d6 7. Re1 Nbd7 8. e4 cxd4 9. cxd4 e6 10. Nc3 a6 11. a4 b6 12. Bf4 Ne8 13. e5 d5 14. Qd2 Bb7 15. Rac1 Nc7 16. b4 Nb8 17. Bg5 Qd7 18. a5 bxa5 19. Na4 Qxa4 20. Rxc7 Bc6 21. Be7 Re8 22. Qf4 Nd7 23. Bd6 h6 24. Rc1 Bb5 25. bxa5 Qxa5 26. Bf1 Qa4 27. Bxb5 Qxb5 28. h4 Rad8 29. Kg2 Qd3 30. Ra7 Qf5 31. Qxf5 gxf5 32. Rcc7 Nb6 33. Rxf7 Bh8 34. Rh7 Nc4 35. Bc5 Ra8 36. Rhe7 a5 37. h5 Rab8 38. Nh4 Rxe7 39. Rxe7 Ra8 40. Rxe6 a4 41. Rg6+ Kf7 42. e6+ 1-0

[Event "YUG-ch U20 Girls"]
[Site "Subotica"]
[Date "2004.08.23"]
[Round "12"]
[White "Milovic, Aleksandra"]
[Black "Mihajlovic, Milena"]
[Result "1-0"]
[WhiteElo "2130"]
[BlackElo "2213"]
[PlyCount "75"]
[EventDate "2004.08.12"]
[EventType "tourn"]
[EventRounds "13"]
[EventCountry "YUG"]
[SourceTitle "CBM 101 Extra"]
[Source "ChessBase"]
[SourceDate "2004.09.01"]
[SourceVersion "2"]
[SourceVersionDate "2004.09.01"]
[SourceQuality "1"]

1. e4 c5 2. Nf3 Nc6 3. d4 cxd4 4. Nxd4 e5 5. Nb5 d6 6. N1c3 a6 7. Na3 b5 8. Nd5 Nf6 9. Bg5 Be7 10. Bxf6 Bxf6 11. c3 0-0 12. Nc2 Bg5 13. a4 bxa4 14. Rxa4 Bb7 15. Bc4 Na5 16. Ba2 Bc6 17. Ra3 Bb5 18. b3 Nb7 19. c4 Bd7 20. b4 a5 21. b5 Nc5 22. Qe2 Be6 23. 0-0 Bxd5 24. exd5 f5 25. Bb1 g6 26. Ne3 Ra7 27. g3 Raf7 28. h4 Be7 29. Ng2 f4 30. Qg4 fxg3 31. Rxg3 Rf4 32. Qh5 R4f7 33. Bxg6 hxg6 34. Rxg6+ Rg7 35. Rh6 Rxg2+ 36. Kxg2 Bf6 37. Rg1 Bg7 38. Kh1 1-0

[Event "EU-ch U18 Girls"]
[Site "Budva"]
[Date "2003.09.21"]
[Round "8"]
[White "Bashkite, Viktoria"]
[Black "Mihajlovic, Milena"]
[Result "0-1"]
[WhiteElo "2117"]
[BlackElo "2179"]
[PlyCount "86"]
[EventDate "2003.09.13"]
[EventType "swiss"]
[EventRounds "9"]
[EventCountry "YUG"]
[SourceTitle "CBM 096 Extra"]
[Source "ChessBase"]
[SourceDate "2003.10.22"]
[SourceVersion "2"]
[SourceVersionDate "2003.10.20"]
[SourceQuality "1"]

1. c4 c6 2. e4 d5 3. exd5 cxd5 4. cxd5 Nf6 5. Qa4+ Nbd7 6. Nc3 g6 7. g4 h6 8. Bg2 Bg7 9. h3 0-0 10. d4 Nb6 11. Qb3 e6 12. Nf3 Nbxd5 13. Ne5 b6 14. 0-0 Bb7 15. g5 hxg5 16. Bxg5 Nxc3 17. Bxb7 Ne2+ 18. Kh1 Rb8 19. Bg2 Nxd4 20. Qa4 Qd6 21. Bxf6 Bxf6 22. Nd7 Qf4 23. Rad1 Rbd8 24. Nxf6+ Qxf6 25. Qxa7 Qf4 26. Qb7 Kg7 27. Qe4 g5 28. Rd3 Qxe4 29. Bxe4 f5 30. Bb7 e5 31. Rc1 Rf7 32. Ba6 Rh8 33. Re1 Kf6 34. Bc4 Rfh7 35. Rxd4 Rxh3+ 36. Kg2 Rh2+ 37. Kf3 g4+ 38. Rxg4 fxg4+ 39. Ke3 R8h3+ 40. Ke2 g3 41. Rf1 e4 42. b3 Ke5 43. a4 Kf4 0-1

[Event "EU-ch U18 Girls"]
[Site "Budva"]
[Date "2003.09.17"]
[Round "5"]
[White "Mihajlovic, Milena"]
[Black "Zawadzka, Beata"]
[Result "0-1"]
[WhiteElo "2179"]
[BlackElo "2255"]
[PlyCount "116"]
[EventDate "2003.09.13"]
[EventType "swiss"]
[EventRounds "9"]
[EventCountry "YUG"]
[SourceTitle "CBM 096 Extra"]
[Source "ChessBase"]
[SourceDate "2003.10.22"]
[SourceVersion "2"]
[SourceVersionDate "2003.10.20"]
[SourceQuality "1"]

1. d4 f5 2. g3 g6 3. Bg2 Nf6 4. Nf3 Bg7 5. 0-0 0-0 6. c4 d6 7. Nc3 Nc6 8. d5 Na5 9. Nd2 c5 10. Qc2 e5 11. dxe6 Bxe6 12. Nd5 Nxd5 13. cxd5 Bd7 14. Nf3 b5 15. Rb1 Nc4 16. h4 Nb6 17. Ng5 Qe7 18. Bf4 Rad8 19. Rfe1 h6 20. Nh3 Qf6 21. Bd2 b4 22. Nf4 Qf7 23. Rbd1 a5 24. Bc1 Na8 25. e4 Nc7 26. exf5 Bxf5 27. Be4 Rfe8 28. h5 Rxe4 29. Rxe4 g5 30. Ne6 Nxe6 31. dxe6 Bxe6 32. Qe2 Bd5 33. Re7 Bf3 34. Rxf7 Bxe2 35. Rxg7+ Kxg7 36. Re1 Bxh5 37. Re7+ Kf6 38. Ra7 Ke5 39. f4+ Kf5 40. Kf2 Re8 41. Be3 gxf4 42. gxf4 Re6 43. Rxa5 Ke4 44. a3 bxa3 45. Rxa3 Bg4 46. Rc3 h5 47. Kg3 Kf5 48. Bc1 Re1 49. Rc4 Re2 50. b4 cxb4 51. Rxb4 d5 52. Rd4 Ke6 53. Bd2 Kd6 54. Bb4+ Kc6 55. Bd2 Kc5 56. Rd3 Kc4 57. Rc3+ Kd4 58. Rc2 Kd3 0-1

[Event "EU-ch U18 Girls"]
[Site "Budva"]
[Date "2003.09.15"]
[Round "3"]
[White "Mihajlovic, Milena"]
[Black "Vozovic, Oksana"]
[Result "1/2-1/2"]
[WhiteElo "2179"]
[BlackElo "2363"]
[PlyCount "189"]
[EventDate "2003.09.13"]
[EventType "swiss"]
[EventRounds "9"]
[EventCountry "YUG"]
[SourceTitle "CBM 096 Extra"]
[Source "ChessBase"]
[SourceDate "2003.10.22"]
[SourceVersion "2"]
[SourceVersionDate "2003.10.20"]
[SourceQuality "1"]

1. d4 Nf6 2. c4 c5 3. d5 b5 4. cxb5 a6 5. bxa6 g6 6. Nc3 Bxa6 7. e4 Bxf1 8. Kxf1 d6 9. g3 Bg7 10. Kg2 0-0 11. Nf3 Nbd7 12. Re1 Qa5 13. Re2 Ng4 14. Rc2 Rfb8 15. Nd2 Ngf6 16. Rb1 Ne8 17. Nc4 Qa6 18. b3 Nb6 19. Nxb6 Rxb6 20. Bb2 Rb4 21. Qe1 Nc7 22. Na4 Nb5 23. Bxg7 Kxg7 24. Rbc1 Na3 25. Re2 Rab8 26. Nb2 Kg8 27. Rd2 R8b5 28. Qe2 Ra5 29. Qxa6 Rxa6 30. Kf3 Kg7 31. Ke3 f5 32. f3 Kf6 33. h4 h5 34. Nc4 Nxc4+ 35. Rxc4 Rxc4 36. bxc4 Ra3+ 37. Rd3 Rxa2 38. Rc3 Rg2 39. Kf4 fxe4 40. fxe4 Rf2+ 41. Ke3 Rf1 42. Ke2 Rg1 43. Kf2 Ra1 44. Rf3+ Ke5 45. Rf7 Ra7 46. Ke3 Rc7 47. Kd3 Rb7 48. Ke3 Ra7 49. Kd3 Ra3+ 50. Ke2 Kxe4 51. Rxe7+ Kd4 52. Re6 Rxg3 53. Rxd6 Kxc4 54. Rd8 Rg4 55. d6 Re4+ 56. Kf3 Rd4 57. d7 Kd3 58. Rc8 Rxd7 59. Rxc5 Rf7+ 60. Kg3 Ke4 61. Rc4+ Kd5 62. Rc1 Ra7 63. Re1 Ra4 64. Re8 Rg4+ 65. Kh3 Re4 66. Rg8 Re6 67. Kg3 Ke4 68. Ra8 Kf5 69. Kf3 Rb6 70. Ra5+ Kf6 71. Ra4 Rb5 72. Rc4 Kf5 73. Rf4+ Ke5 74. Re4+ Kf6 75. Ra4 Rb3+ 76. Kg2 Kf5 77. Rc4 Re3 78. Ra4 Re4 79. Ra5+ Kf4 80. Ra6 Kf5 81. Ra5+ Kg4 82. Rg5+ Kxh4 83. Rxg6 Re2+ 84. Kf3 Ra2 85. Rg1 Ra3+ 86. Kg2 Ra2+ 87. Kf3 Ra3+ 88. Kg2 Rg3+ 89. Kh2 Rh3+ 90. Kg2 Kg4 91. Ra1 Rg3+ 92. Kh2 Re3 93. Ra4+ Kf3 94. Rb4 Re5 95. Kh3 1/2-1/2

[Event "EU-chT U18 Girls 4th"]
[Site "Balatonlelle"]
[Date "2003.07.24"]
[Round "5"]
[White "Zawadzka, Jolanta"]
[Black "Mihajlovic, Milena"]
[Result "0-1"]
[WhiteElo "2275"]
[BlackElo "2179"]
[PlyCount "62"]
[EventDate "2003.07.19"]
[EventType "team-swiss"]
[EventRounds "7"]
[EventCountry "HUN"]
[SourceTitle "EXT 2020"]
[Source "ChessBase"]
[SourceDate "2019.10.17"]
[SourceVersion "1"]
[SourceVersionDate "2019.10.17"]
[SourceQuality "1"]
[WhiteTeam "Poland U18 (W)"]
[BlackTeam "Yugoslavia U18 (W)"]
[WhiteTeamCountry "POL"]
[BlackTeamCountry "YUG"]

1. e4 c5 2. Nf3 Nc6 3. d4 cxd4 4. Nxd4 Nf6 5. Nc3 e5 6. Ndb5 d6 7. Bg5 a6 8. Na3 b5 9. Nd5 Be7 10. Bxf6 Bxf6 11. c3 0-0 12. Nc2 Bg5 13. a4 bxa4 14. Rxa4 Bb7 15. b4 Ne7 16. Bc4 Kh8 17. 0-0 f5 18. Nxe7 Qxe7 19. Bd5 fxe4 20. Bxb7 Qxb7 21. Qxd6 e3 22. Qxe5 exf2+ 23. Kh1 Qd7 24. Raa1 Qd2 25. Na3 Bf6 26. Qh5 Qxc3 27. Ra2 Bd4 28. h3 Rae8 29. Nb1 Qc4 30. Raxf2 Bxf2 31. Rxf2 Re1+ 0-1

[Event "Serbia-ch (Women)"]
[Site "Dimitrovgrad"]
[Date "2003.03.03"]
[Round "4"]
[White "Djukic, Sandra"]
[Black "Mihajlovic, Milena"]
[Result "0-1"]
[WhiteElo "2079"]
[BlackElo "2138"]
[PlyCount "62"]
[EventDate "2003.02.28"]
[EventType "swiss"]
[EventRounds "9"]
[EventCountry "YUG"]
[SourceTitle "CBM 093 Extra"]
[Source "ChessBase"]
[SourceDate "2003.05.09"]
[SourceVersion "1"]
[SourceVersionDate "2003.05.09"]
[SourceQuality "1"]

1. d4 d5 2. c4 c6 3. Qc2 Nf6 4. Nf3 e6 5. g3 Nbd7 6. Bg2 Bd6 7. 0-0 0-0 8. Nc3 Qe7 9. e4 Nxe4 10. Nxe4 dxe4 11. Qxe4 Nf6 12. Qe2 Bd7 13. Ne5 Rfd8 14. Bg5 h6 15. Bxf6 Qxf6 16. c5 Bf8 17. b4 Be8 18. Rfd1 Qe7 19. a4 f6 20. Nc4 Qf7 21. Bh3 Bd7 22. Ra3 e5 23. Bxd7 Rxd7 24. Ne3 exd4 25. Nc2 Rad8 26. Rad3 a5 27. R1d2 axb4 28. Nxd4 Bxc5 29. Nxc6 bxc6 30. Rxd7 Rxd7 31. Rxd7 Qxd7 0-1

[Event "Serbia-ch (Women)"]
[Site "Dimitrovgrad"]
[Date "2003.03.01"]
[Round "2"]
[White "Popovic, Jelena"]
[Black "Mihajlovic, Milena"]
[Result "1/2-1/2"]
[WhiteElo "2042"]
[BlackElo "2138"]
[PlyCount "84"]
[EventDate "2003.02.28"]
[EventType "swiss"]
[EventRounds "9"]
[EventCountry "YUG"]
[SourceTitle "CBM 093 Extra"]
[Source "ChessBase"]
[SourceDate "2003.05.09"]
[SourceVersion "1"]
[SourceVersionDate "2003.05.09"]
[SourceQuality "1"]

1. d4 d5 2. c4 c6 3. cxd5 cxd5 4. Bf4 Nc6 5. e3 Nf6 6. Bd3 Bg4 7. Ne2 e6 8. Qb3 Bb4+ 9. Nbc3 0-0 10. 0-0 a6 11. Rac1 Bd6 12. Bxd6 Qxd6 13. Na4 Nb4 14. Ng3 Nxd3 15. Qxd3 h5 16. h3 h4 17. Ne2 Bf5 18. Qb3 b5 19. Nc5 g5 20. f3 Kh8 21. Nd3 Nh5 22. Ne5 f6 23. Rc6 Qe7 24. Ng4 Rfc8 25. Rfc1 Rxc6 26. Rxc6 b4 27. Rc5 a5 28. Qa4 Qa7 29. Qc6 Qa6 30. Qxa6 Rxa6 31. Nf2 Bb1 32. Nc1 Ng3 33. Nfd3 Kg7 34. Kf2 Kf7 35. Rc7+ Kg6 36. Nc5 Rb6 37. Ra7 e5 38. Rxa5 exd4 39. exd4 Nf5 40. Ne2 Rc6 41. Ra6 Nxd4 42. Nxd4 Rxc5 1/2-1/2

[Event "SCG-chT (Women)"]
[Site "Budva"]
[Date "2003.??.??"]
[Round "6.14"]
[White "Brajic, Maja"]
[Black "Mihajlovic, Milena"]
[Result "0-1"]
[WhiteElo "1854"]
[BlackElo "2179"]
[PlyCount "62"]
[EventDate "2003.09.??"]
[EventType "team"]
[EventRounds "11"]
[EventCountry "YUG"]
[SourceTitle "CBM 096 Extra"]
[Source "ChessBase"]
[SourceDate "2003.10.22"]
[SourceVersion "2"]
[SourceVersionDate "2003.10.20"]
[SourceQuality "1"]

1. e4 c5 2. Nf3 Nc6 3. d4 cxd4 4. Nxd4 Nf6 5. Nc3 e5 6. Ndb5 d6 7. Bg5 a6 8. Na3 b5 9. Nd5 Be7 10. Bxf6 Bxf6 11. c3 0-0 12. Nc2 Bg5 13. a4 bxa4 14. Rxa4 Bb7 15. b3 Nb8 16. Bc4 Nd7 17. b4 Nb6 18. Nxb6 Qxb6 19. Bd5 Rac8 20. c4 Kh8 21. 0-0 Bxd5 22. Qxd5 f5 23. exf5 Rxf5 24. Qe6 Rcf8 25. c5 Qb5 26. Raa1 Qe2 27. Nd4 Rxf2 28. Nxe2 Rxf1+ 29. Rxf1 Be3+ 30. Rf2 Rxf2 31. Qe8+ Rf8+ 0-1

[Event "Serbia-ch (Women)"]
[Site "Leskovac"]
[Date "2002.02.19"]
[Round "5"]
[White "Kostic, Maja"]
[Black "Mihajlovic, Milena"]
[Result "1-0"]
[WhiteElo "2172"]
[BlackElo "2167"]
[PlyCount "41"]
[EventDate "2002.02.15"]
[EventType "swiss"]
[EventRounds "9"]
[EventCountry "YUG"]
[SourceTitle "CBM 086 Extra"]
[Source "ChessBase"]
[SourceDate "2002.03.14"]
[SourceVersion "1"]
[SourceVersionDate "2002.03.14"]
[SourceQuality "1"]

1. c4 c6 2. e4 d5 3. exd5 cxd5 4. cxd5 Nf6 5. Bb5+ Nbd7 6. Nc3 a6 7. Qa4 Rb8 8. Bxd7+ Qxd7 9. Qf4 Ra8 10. Nf3 Nxd5 11. Nxd5 Qxd5 12. 0-0 g6 13. Re1 Bg7 14. d4 e6 15. Bd2 a5 16. Rac1 b6 17. Rc7 0-0 18. Ne5 f6 19. Nc6 Kh8 20. Rxg7 g5 21. Qc7 1-0

[Event "Serbia-ch (Women)"]
[Site "Leskovac"]
[Date "2002.02.18"]
[Round "4"]
[White "Mihajlovic, Milena"]
[Black "Dimovska, Aleksandra"]
[Result "1/2-1/2"]
[WhiteElo "2167"]
[BlackElo "2105"]
[PlyCount "111"]
[EventDate "2002.02.15"]
[EventType "swiss"]
[EventRounds "9"]
[EventCountry "YUG"]
[SourceTitle "CBM 086 Extra"]
[Source "ChessBase"]
[SourceDate "2002.03.14"]
[SourceVersion "1"]
[SourceVersionDate "2002.03.14"]
[SourceQuality "1"]

1. d4 Nf6 2. c4 e5 3. dxe5 Ng4 4. Bf4 Nc6 5. Nf3 Bb4+ 6. Nbd2 Qe7 7. a3 Bxd2+ 8. Qxd2 Ngxe5 9. Nxe5 Nxe5 10. e3 0-0 11. Be2 d6 12. 0-0 b6 13. b4 a5 14. Qc3 Bb7 15. c5 Ng6 16. Bg3 axb4 17. axb4 dxc5 18. bxc5 bxc5 19. h3 Kh8 20. Rxa8 Rxa8 21. Rc1 Nf8 22. Qxc5 Qxc5 23. Rxc5 Ne6 24. Rc3 c5 25. Bc4 Rc8 26. Bd6 h6 27. Bxe6 fxe6 28. Bxc5 Kg8 29. f3 Rc7 30. Kf2 Kh7 31. e4 Kg6 32. Ke3 Ba6 33. g3 Kf7 34. Kf4 Be2 35. h4 Bd1 36. Ke5 Be2 37. Kd6 Rb7 38. Ra3 Bb5 39. Ke5 Bc4 40. Ra8 g6 41. Kf4 Rb3 42. Ra7+ Kg8 43. Bd4 g5+ 44. hxg5 hxg5+ 45. Kxg5 Rxf3 46. Kh4 Bd3 47. e5 Rf7 48. Ra8+ Kh7 49. Be3 Kg6 50. g4 Rh7+ 51. Kg3 Be4 52. Rf8 Rf7 53. Rxf7 Kxf7 54. Kf4 Bd5 55. Kg5 Kg8 56. Kf6 1/2-1/2